00430nam a2200181Ia 4500003000400000005001700004008004100021020001700062040000700079041000800086082002300094100002000117245003500137250000600172260003900178300001800217365001300235OSt20230502151605.0210423s2014 xx 000 0 und d a978145223515 cAL aeng a378.242223b BUIY aBUI (YVONNE N). aHow to write a masters thesis. a2 aNew DelhibSage Publicationsc2014 aXVIII,313bPB b350cINR